000 01260nam0a2200313 i 4500
001 RU\NLR\BIBL_A\010782823
005 20241103081538.0
010 _a9785950717925
_bУчебная литература
010 _a978-5-393-01008-9
_bФедоров
_91000
021 _aRU
_b2015-36652
_92173
035 _a(NILC)RuMoRGB-007933786
035 _a(NLR Aleph) 010782823
090 _a10076569
_c10076569
100 _a20150617d2014 km y0rusy50 ca
101 0 _arus
102 _aRU
105 _aacg|j|||000yy
200 1 _aМузыка
_e7 класс
_eобучение, творческое развитие, воспитание
_e[учебник]
_fГ. С. Ригина
210 _aСамара
_cФедоров
_cУчебная литература
_d2014
215 _a127, [1] с.
_cил., цв. ил., портр., ноты
_d22
225 1 _aФГОС основного общего образования
606 _aМузыка
_jУчебные издания для средней школы
_9888123
_3RU\NLR\AUTH\66429
686 1 _aЩ313(0)я72
700 1 _aРигина
_bГ. С.
_gГалина Сергеевна
801 0 _aRU
_bРГБ
_c20150518
_gRCR
942 _cBOOK
980 _aNBR